| 000 | 00460cam a2200181ua 4500 | ||
|---|---|---|---|
| 001 | 6084 | ||
| 008 | 131125n ii |||gr||||Z||||||eng | ||
| 040 | _cMAIN | ||
| 082 | _a657.046 | ||
| 245 |
_aAdvanced Accounts _cBy M.C. Shukla |
||
| 260 |
_aNew Delhi: _bS. Chanda & Company LTD, _cAuthor. |
||
| 300 | _ax,1432p. | ||
| 653 | _aAccounting | ||
| 653 | _aAdvanced Accounts | ||
| 700 |
_aShukla,M.C., _eAuthor., |
||
| 700 |
_aGrewal,T.S., _eAuthor. |
||
| 942 | _cBK | ||
| 999 |
_c5237 _d5237 |
||